[Event "Politiken Cup"]
[Site "Copenhagen DEN"]
[Date "2010.08.05"]
[Round "7"]
[White "Andersen,Jack"]
[Black "Mchedlishvili,M"]
[Result "0-1"]
[WhiteElo "2276"]
[BlackElo "2625"]

1.d4 Nf6 2.Nf3 e6 3.a3 b6 4.c4 Ba6 5.Qa4 Bb7 6.Nc3 c5 7.dxc5 Bxc5 8.e3 a6
9.Be2 Qc7 10.h3 Be7 11.Bd2 Nc6 12.Rc1 Rc8 13.O-O Qb8 14.Rfd1 O-O 15.Be1 d6
16.b4 Nd7 17.Qb3 Rfd8 18.Na4 Ba8 19.Bc3 Qb7 20.Bf1 Ncb8 21.Nb2 Nf6 22.Nd3 Nbd7
23.Ba1 Rc7 24.Nf4 Rdc8 25.Ng5 Nf8 26.Bb2 h6 27.Nf3 N8h7 28.Ne2 Ne4 29.Ned4 Nhf6
30.Qa2 Re8 31.a4 Rb8 32.b5 axb5 33.axb5 Qc8 34.Ra1 Nc5 35.Bc3 Nfe4 36.Bb4 Bb7
37.Nd2 Ng5 38.N2b3 e5 39.Ne2 Nce4 40.f3 Rxc4 41.Be1 Nf6 42.Qb1 Rc2 43.Ra7 Rc7
44.Ng3 Bf8 45.Nf5 e4 46.fxe4 Nfxe4 47.Nbd4 Ra8 48.Rxa8 Bxa8 49.Qa2 Nc3 50.Bxc3 Rxc3
51.Qa7 Be4 52.Ne7+ Bxe7 53.Qxe7 Rc1 54.Rxc1 Qxc1 55.Kf2 Bg6 56.Be2 Ne4+ 57.Kf3 Qg1  0-1

[Event "FSIMB August"]
[Site "Budapest HUN"]
[Date "2010.08.08"]
[Round "2"]
[White "Martynov,P2"]
[Black "Tran Tuan Minh"]
[Result "1-0"]
[WhiteElo "2190"]
[BlackElo "2244"]

1.d4 e6 2.c4 Nf6 3.Nf3 b6 4.a3 Bb7 5.Nc3 Be7 6.d5 O-O 7.e4 exd5 8.cxd5 Re8
9.Be2 Bf8 10.e5 Ng4 11.Qd4 h5 12.h3 Bc5 13.Qf4 Nxf2 14.Rf1 f6 15.Rxf2 Bxf2+
16.Kxf2 fxe5 17.Qe4 Qf6 18.Bg5 Qf7 19.Bd3 Kf8 20.Kg1  1-0

[Event "Open"]
[Site "Minsk BLR"]
[Date "2010.08.09"]
[Round "6"]
[White "Gazizov,I"]
[Black "Smirnov,Va"]
[Result "0-1"]
[WhiteElo "2220"]
[BlackElo "2361"]

1.d4 Nf6 2.c4 e6 3.Nf3 b6 4.a3 Bb7 5.Nc3 d5 6.cxd5 Nxd5 7.Qc2 Be7 8.e4 Nxc3
9.bxc3 O-O 10.Bd3 c5 11.O-O Qc8 12.Qe2 Ba6 13.a4 Bxd3 14.Qxd3 cxd4 15.cxd4 Nc6
16.Bb2 Nb4 17.Qb5 Qb7 18.Qe2 Rac8 19.Rfc1 Rxc1+ 20.Rxc1 Rc8 21.h3 Rxc1+ 22.Bxc1 Qc6
23.Bd2 Qxa4 24.Bxb4 Qxb4 25.g4 a5 26.d5 exd5 27.exd5 Bf8 28.Qe8 a4 29.d6 Qxd6
30.Qxa4 Qd5 31.Kg2 b5 32.Qd4 Qb7 33.Kg3 b4  0-1

[Event "e2e4 Autumn Masters B"]
[Site "Uxbridge ENG"]
[Date "2010.08.12"]
[Round "2"]
[White "Arkell,K"]
[Black "Burrows,M"]
[Result "1-0"]
[WhiteElo "2465"]
[BlackElo "2173"]

1.d4 Nf6 2.Nf3 e6 3.c4 b6 4.a3 Ba6 5.e3 c5 6.d5 exd5 7.cxd5 Bxf1 8.Kxf1 d6
9.Nc3 g6 10.e4 Nbd7 11.h3 a6 12.Bf4 b5 13.b4 Nh5 14.Bg5 Qb6 15.g4 Nhf6 16.Be3 Bg7
17.e5 Nxe5 18.Nxe5 dxe5 19.Bxc5 Qb7 20.g5 Nd7 21.Ne4 Bf8 22.Rc1 Rd8 23.Qf3 Bxc5
24.bxc5 O-O 25.c6 Qc7 26.d6 Qc8 27.Qe3 f5 28.cxd7 Qb7 29.Nf6+ Rxf6 30.gxf6 Qxh1+
31.Ke2 Qb7 32.Rc7 Qd5 33.Rc8  1-0

[Event "14th HZ Open"]
[Site "Vlissingen NED"]
[Date "2010.08.12"]
[Round "7"]
[White "Bodicker,R"]
[Black "Niewenhuis,R"]
[Result "0-1"]
[WhiteElo "2080"]
[BlackElo "1898"]

1.d4 Nf6 2.c4 e6 3.Nf3 b6 4.a3 Bb7 5.Nc3 Ne4 6.Nxe4 Bxe4 7.Nd2 Bb7 8.e4 d6
9.Qc2 a5 10.Nf3 Nd7 11.Be2 Be7 12.O-O e5 13.Be3 exd4 14.Nxd4 O-O 15.f4 Nc5
16.Bf3 a4 17.Rad1 Re8 18.e5 Bf8 19.Bxb7 Nxb7 20.Nf5 g6 21.Ng3 f5 22.Bd4 dxe5
23.Bxe5 Qe7 24.Qc3 Qc5+ 25.Kh1 Nd6 26.Rc1 Qc6 27.Qd4 Ra5 28.Rc3 Nf7 29.c5 Nxe5
30.fxe5 Bxc5 31.Qf4 Qe6 32.h4 Qxe5 33.Qg5 Be3 34.Rxe3 Qxe3 35.Rf4 Qe7  0-1

[Event "Negroponte Open"]
[Site "Chalkis GRE"]
[Date "2010.08.16"]
[Round "8"]
[White "Danielian,E"]
[Black "Parligras,M"]
[Result "0-1"]
[WhiteElo "2431"]
[BlackElo "2574"]

1.d4 Nf6 2.Nf3 e6 3.c4 b6 4.a3 Bb7 5.Nc3 d5 6.cxd5 Nxd5 7.e3 Be7 8.Bb5+ c6
9.Bd3 O-O 10.O-O c5 11.e4 Nxc3 12.bxc3 Nc6 13.d5 Na5 14.c4 b5 15.dxe6 bxc4
16.exf7+ Rxf7 17.Bc2 Qxd1 18.Rxd1 Bf6 19.Rb1 Re8 20.Be3 Bxe4 21.Bxe4 Rxe4
22.Rb8+ Rf8 23.Rxf8+ Kxf8 24.Bxc5+ Kg8 25.Nd2 Re5 26.Bb4 Rd5 27.Bxa5 c3 28.Bb4 a5
29.Bxa5 Rxa5 30.Nc4 c2 31.Rc1 Rb5 32.Nd2 Rc5 33.Nb3 Rc8 34.Re1 Bb2 35.Kf1 Bxa3
36.Nc1 Rd8 37.Na2 Rd1 38.Ke2 Rxe1+ 39.Kxe1 c1=Q+ 40.Nxc1 Bxc1 41.Ke2 Kf7
42.Kf3 Kf6 43.Kg4 Ke5 44.h4 Ke4 45.g3 Bd2 46.h5 h6 47.f3+ Ke3 48.f4 Ke4 49.Kh4 Bxf4  0-1

[Event "44th Magistral"]
[Site "Mislata ESP"]
[Date "2010.08.17"]
[Round "2"]
[White "Camarena Gimenez,R"]
[Black "Vassallo Barroche,M"]
[Result "1/2-1/2"]
[WhiteElo "2402"]
[BlackElo "2409"]

1.Nf3 Nf6 2.c4 b6 3.d4 e6 4.a3 Bb7 5.Nc3 g6 6.d5 Bg7 7.g3 O-O 8.Bg2 exd5
9.cxd5 c5 10.O-O d6 11.Rb1 Nbd7 12.b4 Ne8 13.Bb2 Nc7 14.bxc5 bxc5 15.e4 Ba6
16.Re1 Rb8 17.Qc2 Re8 18.Nd1 Bxb2 19.Rxb2 Rxb2 20.Qxb2 Qf6 21.Qxf6 Nxf6 22.Nc3 Nb5
23.Nxb5 Bxb5 24.e5 dxe5 25.Rxe5 Rxe5 26.Nxe5 Kf8 27.d6 Nd7 28.Nxd7+ Bxd7
29.Kf1 Ke8 30.Ke1 Be6 31.Bc6+ Bd7 32.Bd5 Be6 33.Bc6+ Bd7  1/2-1/2

[Event "Pan-Armenian Olym"]
[Site "Yerevan ARM"]
[Date "2010.08.19"]
[Round "5"]
[White "Gabrielian,A"]
[Black "Ajrapetjan,Y"]
[Result "1/2-1/2"]
[WhiteElo "2559"]
[BlackElo "2495"]

1.d4 Nf6 2.c4 e6 3.Nf3 b6 4.a3 c5 5.d5 Ba6 6.Qb3 Be7 7.Nc3 exd5 8.cxd5 d6
9.g3 O-O 10.Bg2 Nbd7 11.O-O b5 12.Bf4 Rb8 13.a4 b4 14.Nb5 Nb6 15.Nxa7 Bc4
16.Qc2 Bxd5 17.a5 Be4 18.Qb3 Bd5 19.Qc2 Be4 20.Qb3 Bd5  1/2-1/2

[Event "Pan-Armenian Olym"]
[Site "Yerevan ARM"]
[Date "2010.08.21"]
[Round "7"]
[White "Hayrapetian,O"]
[Black "Seferjan,N"]
[Result "1-0"]
[WhiteElo "2324"]
[BlackElo "2441"]

1.d4 e6 2.Nf3 Nf6 3.a3 b6 4.c4 Bb7 5.Nc3 Be7 6.d5 d6 7.dxe6 fxe6 8.g3 O-O
9.Bh3 e5 10.O-O Qe8 11.Ng5 Qh5 12.e4 Qxd1 13.Rxd1 h6 14.Ne6 Rc8 15.Nd5 Nxd5
16.exd5 c6 17.dxc6 Nxc6 18.b4 Nd8 19.f4 Kf7 20.Nxd8+ Rxd8 21.Bb2 exf4 22.gxf4 Bc8
23.Bg2 Rb8 24.Re1 Bf6 25.Bd5+ Kg6 26.Bxf6 Kxf6 27.Re3 Bf5 28.Rae1 Rd7 29.Kf2 Rc8
30.h4 Rcc7 31.Re8 Kg6 32.Rg1+ Kh5 33.Bf3+ Kxh4 34.Rh1+ Bh3 35.Rxh3+  1-0

[Event "6th Prospero A Pichay Cup"]
[Site "Manila PHI"]
[Date "2010.08.22"]
[Round "3"]
[White "Laylo,D"]
[Black "Turqueza,M"]
[Result "1-0"]
[WhiteElo "2522"]
[BlackElo "2140"]

1.d4 Nf6 2.Nf3 e6 3.c4 b6 4.a3 Bb7 5.Nc3 d5 6.Bg5 Be7 7.Qa4+ c6 8.Bxf6 Bxf6
9.cxd5 exd5 10.g3 O-O 11.Bg2 Re8 12.O-O Na6 13.Rac1 Nc7 14.Rfd1 Re6 15.e3 g6
16.Bh3 Re7 17.b4 Qe8 18.Qb3 Rd8 19.Bf1 Ba8 20.Ne2 Ne6 21.Nf4 Ng7 22.Nd3 h5
23.Rc3 Nf5 24.Rdc1 Nd6 25.Nde5 Ne4 26.Nxc6 Nxc3 27.Nxe7+ Qxe7 28.Qxc3 Kg7
29.Bh3 g5 30.Bf5 g4 31.Ne1 Bg5 32.h4 Bh6 33.Bb1  1-0

[Event "6th Geller Memorial Open A"]
[Site "Odessa UKR"]
[Date "2010.08.23"]
[Round "3"]
[White "Fiodorov,M"]
[Black "Makarevich,V"]
[Result "1-0"]
[WhiteElo "2176"]
[BlackElo "2062"]

1.d4 Nf6 2.Nf3 e6 3.c4 b6 4.a3 Bb7 5.Nc3 d5 6.Bg5 Be7 7.e3 O-O 8.b4 c5 9.bxc5 bxc5
10.cxd5 Nxd5 11.Bxe7 Qxe7 12.Nxd5 Bxd5 13.Be2 cxd4 14.Qxd4 Nc6 15.Qa4 Qb7
16.O-O Bb3 17.Qh4 Qe7 18.Qe4 Bd5 19.Qa4 f5 20.Rfc1 Rac8 21.Rc2 Bxf3 22.Bxf3 Ne5
23.Be2 Rxc2 24.Qxc2 Rd8 25.h3 g6 26.Qc3 Nf7 27.Rb1 Nd6 28.Bf3 Rc8 29.Qb4 Kf7
30.a4 Rc4 31.Qa3 a5 32.Be2 Rc7 33.Qb2 Rb7 34.Bb5 e5 35.Qc3 Ra7 36.Bc6 Kf6
37.f4 g5 38.Rd1 gxf4 39.exf4 Ne4 40.Bxe4 fxe4 41.fxe5+ Kg7 42.Qd4 Rc7 43.Qxe4 Qb4
44.Rd4 Qc5 45.Kh2 Re7 46.Qg4+ Kf7 47.Qh5+ Kg7 48.Qg5+ Kf7 49.e6+  1-0

[Event "TCh-SRB 1st League"]
[Site "Vrnjacka Banja SRB"]
[Date "2010.08.25"]
[Round "5"]
[White "Akopian,Vl"]
[Black "Efimenko,Z"]
[Result "1/2-1/2"]
[WhiteElo "2691"]
[BlackElo "2689"]

1.d4 Nf6 2.c4 e6 3.Nf3 b6 4.a3 Ba6 5.Qc2 Bb7 6.Nc3 c5 7.e4 cxd4 8.Nxd4 Bc5
9.Nb3 Nc6 10.Bf4 e5 11.Bg5 Be7 12.Rd1 O-O 13.Be2 Ne8 14.Bxe7 Qxe7 15.O-O d6
16.Nd5 Qd8 17.Qd2 a5 18.Qe3 a4 19.Nd2 Nd4 20.Nf3 Bxd5 21.cxd5 Nxf3+ 22.Qxf3 Nf6
23.Rc1 Nd7  1/2-1/2

[Event "17th IM"]
[Site "Graz AUT"]
[Date "2010.08.28"]
[Round "1"]
[White "Csiszar,C"]
[Black "Handler,L"]
[Result "1-0"]
[WhiteElo "2450"]
[BlackElo "2115"]

1.d4 Nf6 2.Nf3 e6 3.c4 b6 4.a3 Bb7 5.Nc3 d5 6.Bg5 Be7 7.Bxf6 Bxf6 8.cxd5 exd5
9.Qb3 O-O 10.Rd1 c6 11.g3 Nd7 12.Bg2 Be7 13.O-O f5 14.e3 Bd6 15.Ne1 Kh8 16.Nd3 Qe7
17.Rfe1 Ba6 18.Qa4 Bb7 19.Rc1 a5 20.Qd1 Ba6 21.a4 Bxd3 22.Qxd3 Bb4 23.Re2 Rae8
24.Rec2 Nb8 25.h4 Rf6 26.Ne2 Bd6 27.Bf3 g6 28.Kg2 h6 29.Qb3 Bb4 30.Nf4 g5
31.hxg5 hxg5 32.Rh1+ Kg8 33.Bxd5+ Kf8 34.Ne6+ Rxe6 35.Bxe6 Qxe6 36.Qxe6 Rxe6
37.Rh8+  1-0

[Event "17th Open A"]
[Site "Graz AUT"]
[Date "2010.08.29"]
[Round "2"]
[White "Tomazini,A"]
[Black "Shengelia,D"]
[Result "0-1"]
[WhiteElo "2234"]
[BlackElo "2582"]

1.d4 Nf6 2.c4 e6 3.Nf3 b6 4.a3 Bb7 5.Nc3 Be7 6.Qc2 c5 7.e4 cxd4 8.Nxd4 Nc6
9.Nxc6 Bxc6 10.g3 Rc8 11.Qe2 Nxe4 12.Nxe4 f5 13.f3 fxe4 14.fxe4 O-O 15.Bg2 Bc5
16.Be3 Bxe3 17.Qxe3 Qf6 18.Qe2 Qe5 19.Rc1 h5 20.Rc3 h4 21.Qe3 Rf6 22.Rf1 Rcf8
23.Rxf6 Rxf6 24.Kd2 hxg3 25.hxg3 Rg6 26.Kc1 Qh5 27.b4 Qh2 28.Qe2 Rxg3 29.Rxg3 Qxg3
30.Bf3 Qe5 31.Kb1 d6 32.Ka2 g6 33.b5 Be8 34.Qg2 Kg7 35.Qc2 Qd4 36.Qe2 e5
37.Kb3 Bf7 38.a4 Kf6 39.Bg4 Ke7 40.Bh3 Kf8 41.Bg4 Ke7 42.Bh3 Bg8 43.Bg4 Qg1
44.Kb2 Bxc4 45.Qxc4 Qxg4 46.Qc7+ Qd7 47.Qc1 Ke6 48.Qf1 Qf7 49.Qc4+ Kf6 50.Qc6 Qe7
51.Qc8 Kg5 52.Qc1+ Kh5 53.Qd1+ Kh6 54.Qh1+ Kg7 55.Qh3 d5 56.exd5 Qb4+ 57.Kc1 Qc4+
58.Kb2 Qd4+ 59.Kb1 Qxd5 60.Qc8 Qb3+ 61.Kc1 Qxa4 62.Qc7+ Kf6 63.Qd6+ Kf5 64.Qd7+ Kg5
65.Qe7+ Kg4 66.Qe6+ Kg3 67.Qxg6+ Kf2 68.Qe8 e4 69.Qf7+ Ke1 70.Qb3 Qa1+  0-1

[Event "9th Georgiev-Kesarovski Mem"]
[Site "Sunny Beach BUL"]
[Date "2010.08.30"]
[Round "3"]
[White "Kizov,A"]
[Black "Petrov,Vl5"]
[Result "1-0"]
[WhiteElo "2397"]
[BlackElo "1690"]

1.d4 Nf6 2.c4 e6 3.Nf3 b6 4.a3 Bb7 5.Nc3 d5 6.Bg5 Be7 7.Bxf6 Bxf6 8.cxd5 exd5
9.Qa4+ c6 10.g3 O-O 11.Bg2 Re8 12.O-O Na6 13.Rfd1 Nc7 14.e3 Ne6 15.Rac1 Qe7
16.b4 a5 17.Qb3 axb4 18.axb4 Nc7 19.Ra1 Ba6 20.Bf1 Bxf1 21.Kxf1 Qd7 22.Kg2 Rec8
23.h3 Ne6 24.b5 Nc7 25.bxc6 Qxc6 26.Rdc1 Rxa1 27.Rxa1 b5 28.Ne2 Qc4 29.Qb2 Qc6
30.Nf4 Ne6 31.Nd3 Be7 32.Rc1 Qb7 33.Rxc8+ Qxc8 34.Qxb5 Qd8 35.Qc6 g6 36.Nde5 Kg7
37.Qb7 Qd6 38.Qc8 Qd8 39.Qxd8 Bxd8 40.Nc6 Bb6 41.Nfe5 Bc7 42.Nd3 Bd6 43.Ncb4 Nc7
44.Kf3 Kf6 45.Na2 Nb5 46.Nf4 Bxf4 47.Kxf4 h6 48.Kf3 Ke6 49.Ke2 f5 50.Kd3 g5
51.f3  1-0

[Event "7th Malaysia Open"]
[Site "Kuala Lumpur MAS"]
[Date "2010.09.02"]
[Round "2"]
[White "Pham Chuong"]
[Black "Sethuraman,S"]
[Result "0-1"]
[WhiteElo "2361"]
[BlackElo "2535"]

1.d4 e6 2.c4 Nf6 3.Nf3 b6 4.a3 Bb7 5.Nc3 d5 6.Bg5 Be7 7.e3 O-O 8.Bd3 Nbd7
9.O-O h6 10.Bh4 c5 11.cxd5 Nxd5 12.Bxe7 Qxe7 13.Nxd5 Bxd5 14.Rc1 Rfd8 15.e4 Bb7
16.b4 cxd4 17.Rc7 Rab8 18.Nxd4 Qf6 19.Rxb7 Rxb7 20.Nc6 Ne5 21.Nxd8 Rd7 22.Nc6 Rxd3
23.Qc2 Rxa3 24.Qc1 Ra2 25.b5 Nd3 26.Qe3 Nf4 27.e5 Qg5 28.Qf3 Ra3 29.Ne7+ Qxe7
30.Qxf4 Qc5 31.h3 Qxb5 32.Rc1 Qd7 33.Qe4 Ra4 34.Qa8+ Kh7 35.Rc8 Qd1+ 36.Kh2 Qd4
37.Qf3 Qxe5+ 38.g3 Qf5 39.Qe2 Qe4 40.Qb2 Rb4 41.Qd2 Rb1 42.Rc1 Rxc1 43.Qxc1 Qf3
44.Kg1 Qb7 45.Qb1+ Kg8 46.h4 b5 47.Qb4 h5 48.Kf1 a6 49.Kg1 Qc7 50.Qe4 Qb8
51.Qb4 Qc8 52.Qd6 a5 53.Qb6 b4 54.Qxa5 b3 55.Qb5 Qc1+ 56.Kh2 b2 57.Qe8+ Kh7
58.Qxf7  0-1

[Event "132nd ch-New York State"]
[Site "Colonie USA"]
[Date "2010.09.05"]
[Round "3"]
[White "Pressman,L"]
[Black "Ellenbogen,M"]
[Result "1/2-1/2"]
[WhiteElo "2116"]
[BlackElo "2119"]

1.d4 e6 2.c4 Nf6 3.Nf3 b6 4.a3 Bb7 5.Nc3 d5 6.cxd5 Nxd5 7.e3 Be7 8.Qc2 Nxc3
9.bxc3 Nd7 10.Bd3 h6 11.O-O O-O 12.e4 c5 13.Bf4 Rc8 14.Qd2 g5 15.Bg3 c4 16.Bc2 f5
17.h3 f4 18.Bh2 Nf6 19.Rfe1 Qe8 20.Ne5 Bd6 21.Nxc4 Rxc4 22.e5 Qc6 23.f3 Rxc3
24.Ba4 Qc4 25.Bb5 Qb3 26.Ba4 Qc4 27.Bb5 Qb3 28.Ba4  1/2-1/2

[Event "ch-POR"]
[Site "Amadora POR"]
[Date "2010.09.08"]
[Round "5"]
[White "Santos,AntonioP"]
[Black "Fernandes,Ant"]
[Result "1/2-1/2"]
[WhiteElo "2326"]
[BlackElo "2422"]

1.d4 Nf6 2.c4 e6 3.Nf3 b6 4.a3 Bb7 5.Nc3 Be7 6.Qc2 c5 7.e4 cxd4 8.Nxd4 d6
9.Be2 O-O 10.O-O Nc6 11.Nxc6 Bxc6 12.Rd1 Qc7 13.Be3 Rac8 14.Rac1 Rfd8 15.f3 Qb8
16.Rd2 d5 17.cxd5 exd5 18.Ba6 dxe4 19.Bxc8 Rxc8 20.Nxe4 Nxe4 21.fxe4 Bb7
22.Qb1 Re8 23.Rd7 Bc8 24.Rdd1 Bd6 25.h3 Bb7 26.Rc4 b5 27.Rcd4 Be5 28.Rb4 Bc6
29.a4 f5 30.axb5 Bxe4 31.Rxe4 fxe4 32.Qa2+ Kh8 33.Qxa7 Qxb5 34.Bd4 Rd8 35.Qe7 Qd5
36.Bxe5 Qxd1+ 37.Kh2 Qd7 38.Bxg7+ Kg8 39.Qg5 Kf7 40.Be5 Qd5 41.Qf6+ Ke8 42.Qh8+ Kd7
43.Qxh7+ Kc6 44.Qc7+ Kb5 45.Bc3 Rd7 46.Qa5+ Kc4 47.Qa6+ Kb3 48.Qa3+ Kc2 49.Qa4+ Kb1
50.Qa6 Qd3 51.Qa5 Rd5 52.Qb4 Rg5 53.Be1 e3 54.Qe7 Rf5 55.b4 Kc2 56.Bg3 e2
57.Qe6 Kd1 58.b5 Rxb5 59.Qg4 Rb3 60.Bf2 Qd6+ 61.g3 Qd5 62.h4 Rb1 63.Qa4+ Kd2
64.Qf4+ Kc2 65.Qa4+ Kd3 66.Qa3+ Rb3 67.Qa6+ Qc4 68.Qd6+ Kc2 69.h5 Rd3 70.Qe5 Rd5
71.Qe8 Kd1 72.h6 Qa6 73.Qe3 Rh5+ 74.Kg1 Qc4 75.Qa3 Qc1 76.Qd3+ Qd2 77.Qb1+ Qc1
78.Qd3+  1/2-1/2

[Event "12th Open"]
[Site "Trieste ITA"]
[Date "2010.09.09"]
[Round "7"]
[White "Pregarac,V"]
[Black "Kragelj,I"]
[Result "0-1"]
[WhiteElo "2089"]
[BlackElo "2226"]

1.d4 Nf6 2.c4 e6 3.Nf3 b6 4.a3 Ba6 5.Qc2 Bb7 6.Nc3 c5 7.e4 cxd4 8.Nxd4 Bc5
9.Nb3 Nc6 10.Bg5 Nd4 11.Nxd4 Bxd4 12.Bd3 Qb8 13.O-O-O Qe5 14.Bxf6 Qxf6 15.Nb5 Be5
16.a4 a6 17.Na3 Qg5+ 18.Kb1 Qxg2 19.Qe2 Qg5 20.Nc2 Bc6 21.b3 Bf6 22.Qd2 Qe5
23.Qc1 Bxe4 24.Rhe1 Qc3  0-1

[Event "TCh-ROU Superliga w"]
[Site "Baile Herculane ROU"]
[Date "2010.09.10"]
[Round "7"]
[White "Cramling,P"]
[Black "Videnova,I"]
[Result "1-0"]
[WhiteElo "2509"]
[BlackElo "2283"]

1.d4 Nf6 2.Nf3 e6 3.c4 b6 4.a3 c5 5.d5 Ba6 6.Qb3 exd5 7.cxd5 g6 8.Bf4 d6
9.e4 Bxf1 10.Kxf1 Bg7 11.Qb5+ Qd7 12.Nc3 Nh5 13.Qxd7+ Kxd7 14.Be3 Bxc3 15.bxc3 Re8
16.Ng5 Nf6 17.c4 Nxe4 18.Nxf7 Re7 19.Ng5 Na6 20.Ne6 Nc7 21.f3 Nxe6 22.dxe6+ Rxe6
23.fxe4 Rxe4 24.Re1 Rae8 25.Kf2 Rxc4 26.Bg5 Rce4 27.Rxe4 Rxe4 28.Kg3 h5 29.h3 a6
30.Rf1 Re6 31.Rf7+ Kc6 32.Kf4 d5 33.Rf6 Rxf6+ 34.Bxf6 a5 35.Bd8 a4 36.Ke5 d4
37.Ke4 b5 38.Be7 d3 39.Kxd3 Kd5 40.h4 c4+ 41.Kc3 Ke6 42.Bg5 Kf5 43.Kb4  1-0

[Event "e2e4 Open"]
[Site "Sunningdale ENG"]
[Date "2010.09.11"]
[Round "3"]
[White "Thomassen,J"]
[Black "Punnett,A"]
[Result "1-0"]
[WhiteElo "2300"]
[BlackElo "2094"]

1.d4 e6 2.c4 Nf6 3.Nf3 b6 4.a3 Bb7 5.Nc3 Be7 6.d5 O-O 7.e4 d6 8.Be2 c5 9.O-O e5
10.Ne1 Ne8 11.Nd3 Bg5 12.g3 Bxc1 13.Qxc1 f5 14.exf5 Rxf5 15.f4 exf4 16.Nxf4 Nd7
17.Bg4 Rf8 18.Be6+ Kh8 19.Bxd7 Qxd7 20.Ng6+  1-0

[Event "EYCC Boys U18"]
[Site "Batumi GEO"]
[Date "2010.09.20"]
[Round "1"]
[White "Bazeev,G"]
[Black "Jurevicius,Tomas"]
[Result "1-0"]
[WhiteElo "2348"]
[BlackElo "2001"]

1.d4 Nf6 2.c4 e6 3.Nf3 b6 4.a3 Bb7 5.Nc3 d5 6.cxd5 Nxd5 7.e3 c5 8.Bb5+ Bc6
9.Bd3 Nd7 10.e4 Nxc3 11.bxc3 Be7 12.O-O O-O 13.Qe2 Bf6 14.Bf4 Re8 15.Bg3 Nf8
16.Rad1 Qc8 17.Rd2 c4 18.Bc2 Qa6 19.a4 Rac8 20.h4 Qa5 21.Qe3 Be7 22.Ra1 b5
23.Ne5 Nd7 24.Nxc6 Rxc6 25.Kh2 b4 26.d5 Bc5 27.Qf3 exd5 28.Rxd5 Nf6 29.cxb4 Qxb4
30.Rdd1 h5 31.e5 Ng4+ 32.Kg1 Qb6 33.Rd7 Be7 34.Rb1 Qa6 35.Rbb7 Re6 36.Rxe7 R6xe7
37.Rxe7 Rf8 38.Qe4 g6 39.e6 f5 40.Qd4 Nf6 41.Be5  1-0

[Event "EYCC Boys U16"]
[Site "Batumi GEO"]
[Date "2010.09.20"]
[Round "1"]
[White "Havas,Ju"]
[Black "Druska,J"]
[Result "0-1"]
[WhiteElo "1950"]
[BlackElo "2243"]

1.d4 Nf6 2.c4 e6 3.Nf3 b6 4.a3 Ba6 5.Qc2 Bb7 6.Nc3 c5 7.dxc5 Bxc5 8.e3 O-O
9.Be2 d5 10.cxd5 Nxd5 11.O-O Nd7 12.Nxd5 Bxd5 13.b4 Be7 14.Bb2 Bf6 15.Bxf6 Qxf6
16.Rac1 Ne5 17.Nd2 Rfd8 18.e4 Bb7 19.Qc3 Qf4 20.Nf3 Nxf3+ 21.gxf3 Rac8 22.Qe3 Qxe3
23.fxe3 Kf8 24.Rfd1 Ke7 25.Rxc8 Rxc8 26.Bb5 Rc7 27.Rd3 f5 28.exf5 Bxf3 29.fxe6 Kxe6
30.Kf2 Be4 31.Rd4 Ke5 32.Rd7 Rc2+ 33.Ke1 g5 34.Re7+ Kd5 35.Ba6 Bg6 36.Be2 Rc3
37.Rxa7 Rxe3 38.Kf2 Rh3 39.Bf3+ Ke5 40.Be2 Rxh2+ 41.Ke3 Rh3+ 42.Kf2 Rb3 43.Kg2 Re3
44.Kf2 Kf4 45.a4 Rh3 46.Kg2 Rb3  0-1

[Event "EYCC Boys U12"]
[Site "Batumi GEO"]
[Date "2010.09.21"]
[Round "2"]
[White "Kuzmin,E"]
[Black "Grigorian,Sp"]
[Result "1-0"]
[WhiteElo "2067"]
[BlackElo "1835"]

1.d4 Nf6 2.c4 e6 3.Nf3 b6 4.a3 c5 5.d5 d6 6.Nc3 e5 7.e4 g6 8.Be2 Bg7 9.Be3 O-O
10.Nd2 Ne8 11.b4 Nd7 12.Qb3 f5 13.f3 f4 14.Bf2 Rf7 15.a4 Rb8 16.Qa3 Qg5 17.Rg1 Qh6
18.Nb5 Ndf6 19.Rh1 g5 20.a5 g4 21.axb6 axb6 22.O-O-O Bf8 23.Kc2 Nc7 24.Nxc7 Rxc7
25.Rb1 Rbb7 26.bxc5 Ra7 27.Qb2 bxc5 28.Ra1 Rab7 29.Qc3 Be7 30.Nb3 Bd7 31.Na5 Rb4
32.Be1 Ra4 33.Bd2 Qg6 34.Qb2 Qe8 35.Kd3 Bd8 36.Rxa4 Bxa4 37.Qb8 Qd7 38.Ra1 Rc8
39.Qb7 Bxa5 40.Qxd7 Bxd7 41.Rxa5 h5 42.Ra6 Ne8 43.g3 Rb8 44.gxf4 exf4 45.Bxf4 Rb3+
46.Kc2 gxf3 47.Kxb3 fxe2 48.Ra1 Nf6 49.Kc3 Bg4 50.Kd3 Kf7 51.Bxd6 Bf3 52.Ke3 Nxe4
53.Bf4  1-0

[Event "39th Olympiad Women"]
[Site "Khanty-Mansiysk RUS"]
[Date "2010.09.24"]
[Round "4"]
[White "Girya,O"]
[Black "Hejazipour,M"]
[Result "0-1"]
[WhiteElo "2414"]
[BlackElo "2239"]

1.d4 Nf6 2.c4 e6 3.Nf3 b6 4.a3 Bb7 5.Nc3 d5 6.cxd5 Nxd5 7.Bd2 Nf6 8.Bg5 Nbd7
9.e4 h6 10.Bxf6 Nxf6 11.Qc2 a6 12.Rd1 Be7 13.Bd3 O-O 14.O-O Qc8 15.Rc1 c5
16.dxc5 Bxc5 17.b4 Be7 18.Qe2 Qb8 19.Qe3 b5 20.h3 Qa7 21.Qxa7 Rxa7 22.Rfd1 Ba8
23.Kf1 g5 24.Nd4 Nd7 25.Bb1 Ne5 26.Ke2 Rd7 27.Nf3 Rxd1 28.Nxd1 Nc4 29.Rc3 Bf6
30.Rb3 Rd8 31.Ne3 h5 32.Bd3 Rc8 33.Nd2 Ne5 34.Bc2 Kg7 35.g3 g4 36.hxg4 hxg4
37.f4 gxf3+ 38.Nxf3 Nxf3 39.Kxf3 Bd4 40.Bb1 f5 41.Ng2 e5 42.Ne3 fxe4+ 43.Ke2 Rh8
44.Bc2 Rh2+ 45.Kd1 Kg6 46.a4 bxa4 47.Ra3 Bc6 48.Nf1 Rh1 49.Ke1 Bb2 50.Rxa4 Kg5
51.Ra2 Bb5 52.Kd2 Bd4  0-1

[Event "39th Olympiad Women"]
[Site "Khanty-Mansiysk RUS"]
[Date "2010.09.24"]
[Round "4"]
[White "Vojinovic,J"]
[Black "Socko,M"]
[Result "1/2-1/2"]
[WhiteElo "2319"]
[BlackElo "2486"]

1.d4 Nf6 2.Nf3 e6 3.c4 b6 4.a3 Bb7 5.Nc3 d5 6.Qa4+ c6 7.cxd5 exd5 8.Bg5 Be7
9.e3 Nbd7 10.Bd3 O-O 11.O-O h6 12.Bf4 Nh5 13.Be5 f6 14.Bg3 f5 15.Qc2 g6 16.Be5 Bf6
17.Bd6 Be7 18.Be5 Bf6 19.Bd6 Be7  1/2-1/2

[Event "39th Olympiad Women"]
[Site "Khanty-Mansiysk RUS"]
[Date "2010.09.25"]
[Round "5"]
[White "Mkrtchian,L"]
[Black "Botsari,A"]
[Result "1/2-1/2"]
[WhiteElo "2484"]
[BlackElo "2302"]

1.d4 Nf6 2.c4 e6 3.Nf3 b6 4.a3 Ba6 5.Qb3 c6 6.Bg5 Be7 7.Nc3 d5 8.e3 O-O 9.Rc1 h6
10.Bxf6 Bxf6 11.cxd5 Bxf1 12.Kxf1 cxd5 13.Ke2 a6 14.Na4 Nd7 15.Rc6 b5 16.Nc5 Nb8
17.Rxe6 fxe6 18.Nxe6 Qd6 19.Nxf8 Kxf8 20.Rc1 Nc6 21.Rc5 Ne7 22.Qc2 Rd8 23.h3 Qe6
24.Kf1 Kg8 25.Ne1 Rc8 26.Nd3 Rxc5 27.Nxc5 Qb6 28.b4 a5 29.bxa5 Qxa5 30.Qb3 Kf7
31.g3 Qa8 32.Qxb5 Qxa3 33.Qd7 Qa8  1/2-1/2

[Event "39th Olympiad Women"]
[Site "Khanty-Mansiysk RUS"]
[Date "2010.09.25"]
[Round "5"]
[White "Piarnpuu,L"]
[Black "Hallaeva,B"]
[Result "1/2-1/2"]
[WhiteElo "2111"]
[BlackElo "2174"]

1.Nf3 Nf6 2.c4 e6 3.d4 b6 4.a3 Bb7 5.Nc3 Be7 6.d5 d6 7.e4 O-O 8.Be2 Re8 9.O-O Nfd7
10.Be3 Bf6 11.Nd4 Nf8 12.Qd2 Nbd7 13.b4 a5 14.f3 Qe7 15.Rfe1 Rec8 16.Nb3 c5
17.dxc6 Bxc6 18.Nd4 Bb7 19.Rac1 axb4 20.axb4 d5 21.cxd5 Qxb4 22.dxe6 fxe6
23.Ncb5 Qxd2 24.Bxd2 Rxc1 25.Rxc1 Nc5 26.Be3 Ra4 27.Kf2 Ba6 28.Rd1 Rb4 29.Nc3 Rb2
30.Rb1 Rxb1 31.Nxb1 Bxe2 32.Kxe2 Nfd7 33.Nb5 Kf8 34.Nd2 h6 35.Nc4 Bd8 36.Bd4 Nb3
37.Bc3 Na5 38.Bb4+ Kg8 39.Nd2 Bg5 40.g3 Nc6 41.Bd6 Be7 42.Bxe7 Nxe7 43.f4  1/2-1/2

[Event "EYCC Girls U18"]
[Site "Batumi GEO"]
[Date "2010.09.26"]
[Round "7"]
[White "Tsatsalashvili,K"]
[Black "Kazimova,N"]
[Result "1/2-1/2"]
[WhiteElo "2266"]
[BlackElo "2260"]

1.d4 Nf6 2.c4 e6 3.Nf3 b6 4.a3 Bb7 5.Nc3 d5 6.cxd5 Nxd5 7.Qa4+ Nd7 8.Nxd5 Bxd5
9.Qc2 c5 10.e4 Bb7 11.Bf4 a6 12.Rd1 cxd4 13.Rxd4 Bc5 14.Rd2 Qc8 15.Bd3 Be7
16.Qb1 Nc5 17.Bc2 a5 18.b3 O-O 19.O-O Rd8 20.Rc1 Rxd2 21.Nxd2 Qf8 22.e5 h6
23.Nc4 Nd7 24.Rd1 Rd8 25.Be3 Ba6 26.Nxb6 Nxe5 27.a4 Ng4 28.Bd4 e5 29.Bh7+ Kh8
30.Bf5 Rxd4 31.Rxd4 exd4 32.Bxg4 Qd8 33.Nc4 d3 34.Qd1 Bg5 35.h3 Qd4 36.Qf3 Bxc4
37.bxc4 d2 38.Qd5 Qxd5 39.cxd5  1/2-1/2

[Event "EYCC Girls U16"]
[Site "Batumi GEO"]
[Date "2010.09.28"]
[Round "9"]
[White "Kuchava,A"]
[Black "Eid,M"]
[Result "1/2-1/2"]
[WhiteElo "2001"]
[BlackElo "2065"]

1.d4 Nf6 2.c4 e6 3.Nf3 b6 4.a3 Bb7 5.Nc3 d6 6.Qc2 Nbd7 7.e4 c5 8.d5 e5 9.Bd3 g6
10.Qa4 a6 11.b4 Bg7 12.bxc5 bxc5 13.Rb1 Rb8 14.O-O O-O 15.Bd2 Nh5 16.g3 Nb6
17.Qd1 Bc8 18.Na4 Bg4 19.Ba5 Qf6 20.Nxb6 Bxf3 21.Nd7 Qe7 22.Qxf3 Qxd7 23.Bc2 Bh6
24.Rb3 Rxb3 25.Qxb3 Qg4 26.Bc7 Qd7 27.Ba5 Qg4 28.Bc7 Qd7 29.Ba5 Qg4  1/2-1/2

[Event "39th Olympiad Women"]
[Site "Khanty-Mansiysk RUS"]
[Date "2010.09.28"]
[Round "7"]
[White "Chirivi C,Y"]
[Black "Ziaziulkina,N"]
[Result "1-0"]
[WhiteElo "2227"]
[BlackElo "2284"]

1.d4 Nf6 2.c4 e6 3.Nf3 b6 4.a3 Bb7 5.Nc3 d5 6.cxd5 Nxd5 7.e3 g6 8.Bb5+ c6
9.Bd3 Bg7 10.e4 Nxc3 11.bxc3 O-O 12.O-O c5 13.Be3 cxd4 14.cxd4 Nc6 15.e5 Na5
16.Ng5 Rc8 17.Qg4 Qe7 18.Qh3 h6 19.Ne4 Bxe4 20.Bxe4 Rc3 21.g3 h5 22.Rfc1 Rfc8
23.Qf1 Qd7 24.Rxc3 Rxc3 25.Rc1 Rxc1 26.Qxc1 Bf8 27.Qc3 Qa4 28.Qc8 h4 29.Bc2 Qxa3
30.gxh4 Kg7 31.Kg2 Qe7 32.Kg3 b5 33.d5 exd5 34.Qc3 Qa3 35.Qd4 Nc4 36.e6+ f6
37.Qg4 Ne5 38.Qf4 Qd6 39.h5 Nc6 40.hxg6 d4 41.Qxd6 Bxd6+ 42.Bf4 Bf8 43.h4 d3
44.Bxd3 Ne5 45.Bxb5 Kxg6 46.Be3 f5 47.Bg5 Bd6 48.f4 a6 49.Be8+  1-0